[Event "Wch U20 Girls 37th"]
[Site "New Delhi"]
[Date "2019.10.19"]
[Round "6"]
[White "Mungunzul, Bat Erdene"]
[Black "Narva, Mai"]
[Result "1-0"]
[WhiteElo "1912"]
[BlackElo "2378"]
[PlyCount "269"]
[EventDate "2019.10.15"]
[EventType "swiss"]
[EventRounds "11"]
[EventCountry "IND"]
[SourceTitle "CBM 192 Extra"]
[Source "Chessbase"]
[SourceDate "2019.11.06"]
[SourceVersion "1"]
[SourceVersionDate "2019.11.06"]
[SourceQuality "1"]

1. d4 Nf6 2. Nf3 e6 3. Bf4 b6 4. e3 Bb7 5. Bd3 Be7 6. h3 c5 7. c3 0-0 8. Nbd2 d6 9. Qe2 a6 10. a4 Nbd7 11. 0-0 cxd4 12. exd4 Qc7 13. Bg3 Rfe8 14. Rfe1 Nf8 15. Ng5 Qc6 16. f4 Ng6 17. Bh2 Bd8 18. Qf2 Nd5 19. Be4 Qd7 20. Bxg6 hxg6 21. Nde4 Nf6 22. Nxf6+ Bxf6 23. Ne4 Be7 24. Bg3 Qc6 25. Re2 b5 26. Bh4 Bxh4 27. Qxh4 Qc4 28. Ng3 b4 29. Rc1 bxc3 30. bxc3 Qxa4 31. Qg4 Rec8 32. Rec2 Rc4 33. Qe2 Rac8 34. Kh2 Qc6 35. h4 a5 36. h5 gxh5 37. Qxh5 Rxc3 38. d5 Qxd5 39. Qxd5 Rxc2 40. Qxb7 Rxc1 41. Qa6 R1c5 42. Ne4 R5c6 43. Qxa5 d5 44. Ng5 Rc5 45. Qa7 R5c7 46. Qf2 g6 47. Qd4 Re8 48. Qf6 Ree7 49. Kg3 Red7 50. Nf3 Rc2 51. Ne5 Rb7 52. Kh3 Re2 53. Nc6 Re4 54. Kg4 Re2 55. g3 Rh2 56. Qa1 Rc7 57. Nd4 Rh5 58. Nb5 Rd7 59. Qa8+ Kg7 60. Qc8 Re7 61. Qc5 Rd7 62. Nd6 Rh8 63. Qc3+ Kh7 64. Nb5 Rhd8 65. Nd4 Rf8 66. Kg5 f6+ 67. Kg4 Re8 68. Qc6 Rde7 69. Nb5 Kg8 70. Kf3 Rd8 71. Ke3 Kf7 72. Nd6+ Kf8 73. Nc8 Red7 74. Kd4 Kf7 75. g4 g5 76. fxg5 e5+ 77. Kd3 fxg5 78. Nb6 Ra7 79. Qh6 Ra3+ 80. Kc2 Ra2+ 81. Kb3 Ra6 82. Qh7+ Ke6 83. Qg6+ Ke7 84. Qxg5+ Ke8 85. Qxe5+ Kf7 86. Nxd5 Rdd6 87. g5 Re6 88. Qc7+ Kf8 89. Qd8+ Kf7 90. Qd7+ Kf8 91. Kc4 Rad6 92. Qh7 Ra6 93. Qd7 Rad6 94. Qc8+ Kf7 95. Qc7+ Kf8 96. Kc5 Ra6 97. Nf6 Ra8 98. Qh7 Ra5+ 99. Kd4 Rxg5 100. Qh6+ Rg7 101. Nh7+ Kf7 102. Ng5+ Rxg5 103. Qxg5 Rf6 104. Ke5 Rg6 105. Qf5+ Kg7 106. Qd7+ Kh6 107. Qf7 Rg7 108. Qf8 Kg6 109. Ke6 Kh7 110. Qf5+ Kg8 111. Qh5 Ra7 112. Qg4+ Rg7 113. Qc4 Kh7 114. Kf6 Rg6+ 115. Kf7 Rg7+ 116. Kf8 Rg5 117. Qe4+ Kh6 118. Kf7 Kh5 119. Kf6 Rg3 120. Qe2+ Kh4 121. Kf5 Kh3 122. Qf1+ Kh4 123. Qh1+ Rh3 124. Qe4+ Kg3 125. Qg4+ Kh2 126. Qe2+ Kg1 127. Kg4 Rh2 128. Qe1+ Kg2 129. Qe4+ Kf2 130. Qf4+ Kg1 131. Kg3 Rg2+ 132. Kh3 Ra2 133. Qd4+ Kf1 134. Qc4+ Re2 135. Kg3 1-0

[Event "Wch U20 Girls 37th"]
[Site "New Delhi"]
[Date "2019.10.18"]
[Round "5"]
[White "Cervantes Landeiro, Thalia"]
[Black "Mungunzul, Bat Erdene"]
[Result "1/2-1/2"]
[WhiteElo "2176"]
[BlackElo "1912"]
[PlyCount "172"]
[EventDate "2019.10.15"]
[EventType "swiss"]
[EventRounds "11"]
[EventCountry "IND"]
[SourceTitle "CBM 192 Extra"]
[Source "Chessbase"]
[SourceDate "2019.11.06"]
[SourceVersion "1"]
[SourceVersionDate "2019.11.06"]
[SourceQuality "1"]

1. d4 d5 2. c4 c6 3. Nf3 Nf6 4. e3 e6 5. b3 Nbd7 6. Bb2 Bd6 7. Bd3 Qe7 8. Ne5 0-0 9. 0-0 Rd8 10. Nd2 Nf8 11. f4 Ne8 12. Qf3 f6 13. Ng4 b6 14. Qh3 Bb7 15. cxd5 cxd5 16. f5 exf5 17. Bxf5 Bb4 18. Nf3 Nd6 19. Nh4 Bc8 20. a3 Nxf5 21. Nxf5 Bxf5 22. Rxf5 Bd6 23. Qf3 Qe6 24. Rf1 Be7 25. Qg3 Kh8 26. Rh5 Rac8 27. e4 Qxe4 28. Re1 Qg6 29. Rh3 Bd6 30. Qf3 Re8 31. Ne3 Re4 32. Rf1 Qg5 33. Nf5 Bb8 34. Ng3 Re3 35. Qf5 Qxf5 36. Nxf5 Rxh3 37. gxh3 Rc2 38. Rf2 Rxf2 39. Kxf2 Ng6 40. Ne3 Ne7 41. Kg2 Kg8 42. h4 h5 43. h3 Bf4 44. Nc2 Kf7 45. Kf3 Bh2 46. Ne3 Ke6 47. Ng2 Nf5 48. Bc3 Bg3 49. a4 a6 50. Bb2 Kf7 51. Bc3 g6 52. Bb2 b5 53. Bc3 Bh2 54. Kf2 Bc7 55. Ke2 g5 56. hxg5 fxg5 57. axb5 axb5 58. Ne1 g4 59. hxg4 hxg4 60. Ng2 Kg6 61. Kd3 Kh5 62. Ke2 g3 63. Kf3 Nh4+ 64. Nxh4 Kxh4 65. Kg2 Kg4 66. Be1 Bd6 67. Bd2 Bc7 68. Be1 Bf4 69. Ba5 Be3 70. Bc7 Bxd4 71. Bxg3 Be3 72. Bd6 d4 73. Kf1 Kf3 74. Ke1 Bf4 75. Bc5 Ke3 76. Kd1 Kd3 77. Bb4 Be5 78. Bd2 Bd6 79. Be1 Ba3 80. Bd2 Bb2 81. Bb4 Bc3 82. Ba3 Ba5 83. Bc1 Bc3 84. Ba3 Bd2 85. Bc5 Bc3 86. Ba3 Ba1 1/2-1/2